000 01068nam a22003137a 4500
003 CHAP
005 20220329135357.0
008 971013s r 00010 d
010 _a35338
011 _a36310
035 _a40429
040 _cCHAP
090 _aFolleto 6401
110 _aMéxico. Secretaría de Agricultura y Ganadería. Oficina de Estudios Especiales
_977117
245 _aRecomendaciones para las siembras de trigo en el Estado de México
260 _aMéxico, D.F. :
_bs.e.,
_c(s.a.)
300 _a4 p.
_b: ilus
500 _a2c. en bodega
590 _aBATCH-UPD
_b10
_c20130110
_lUCH01
_h1412
590 _aBATCH-UPD
_b10
_c20130410
_lUCH01
_h0858
590 _aBATCH-UPD
_b10
_c20130914
_lUCH01
_h2053
590 _aCONVERSION
_b10
_c20130109
_lUCH01
_h1320
650 1 4 _aTrigo
_zMéxico (Edo.).
_9115131
901 _aBK
942 _cFOLL
949 _aFolleto 6401
_bBC
_cFOLL
_d-92412
_eTS1
_i40429
_mD
_si
949 _aFolleto 6401
_bBC
_cFOLL
_d-92414
_eTS2
_fc.2
_i40429
_mD
_si
949 _aFolleto 6401
_bBC
_cFOLL
_d-92416
_eTS2
_fc.3
_i40429
_mD
_si
999 _c35338
_d35338